000 00586nam a2200193Ia 4500
003 GCL
005 20240530110146.0
008 140319s9999 xx 000 0 ara d
040 _aGCL /
_cGCL
082 0 4 _a922.1
_bا م
100 1 _aاحمد عبدالغفار عطار
245 1 0 _aمحمد بن عبدالوهاب /
_cاحمد عبدالغفار عطار
260 _a[S.N] :
_bدار الكتب المصرية ،
_c1936
300 _a200 ص
650 0 4 _aالاسلام
650 0 4 _aالتاريخ الاسلامى
650 0 4 _aاعلام العرب
942 _2ddc
_cBK
999 _c59039
_d59039